[Event "Wuerttemberg-ch KT"]
[Site "Stuttgart"]
[Date "2017.08.30"]
[Round "5"]
[White "Hurm, Marius"]
[Black "Yi, Danny"]
[Result "0-1"]
[WhiteElo "1818"]
[BlackElo "2070"]
[PlyCount "88"]
[EventDate "2017.08.26"]
[EventType "swiss"]
[EventRounds "7"]
[EventCountry "GER"]
[SourceTitle "EXT 2019"]
[Source "ChessBase"]
[SourceDate "2018.10.10"]
[SourceVersion "1"]
[SourceVersionDate "2018.10.10"]
[SourceQuality "1"]

1. e4 e5 2. Nf3 Nc6 3. Bb5 a6 4. Ba4 Nf6 5. d3 b5 6. Bb3 Be7 7. 0-0 0-0 8. Re1 d6 9. c3 Na5 10. Bc2 c5 11. Nbd2 Re8 12. Nf1 h6 13. Ne3 Bf8 14. h3 Nc6 15. a4 Be6 16. d4 exd4 17. cxd4 Bd7 18. dxc5 dxc5 19. axb5 axb5 20. Rxa8 Qxa8 21. Nd5 Nxd5 22. Qxd5 Be6 23. Qh5 Nb4 24. Bb1 Qa1 25. Bf4 Qxb2 26. e5 Nd5 27. g3 Nc3 28. Bd3 c4 29. Bf5 Ne2+ 30. Kf1 Nxf4 31. gxf4 Bc5 32. Re2 Qc1+ 33. Kg2 Qxf4 34. Be4 b4 35. Bb1 Bd5 36. e6 Qg5+ 37. Qxg5 hxg5 38. exf7+ Kxf7 39. Bg6+ Kxg6 40. Rxe8 b3 41. Kg3 Bxf3 42. Kxf3 b2 43. Rb8 c3 44. Ke2 c2 0-1

[Event "Wuerttemberg-ch KT"]
[Site "Stuttgart"]
[Date "2017.08.29"]
[Round "4"]
[White "Fischer, Dietmar"]
[Black "Hurm, Marius"]
[Result "1/2-1/2"]
[WhiteElo "1974"]
[BlackElo "1818"]
[PlyCount "55"]
[EventDate "2017.08.26"]
[EventType "swiss"]
[EventRounds "7"]
[EventCountry "GER"]
[SourceTitle "EXT 2019"]
[Source "ChessBase"]
[SourceDate "2018.10.10"]
[SourceVersion "1"]
[SourceVersionDate "2018.10.10"]
[SourceQuality "1"]

1. e4 c5 2. d4 cxd4 3. c3 Nf6 4. e5 Nd5 5. Nf3 b6 6. cxd4 e6 7. a3 Bb7 8. Bd3 d6 9. 0-0 Nd7 10. Qe2 Qc7 11. Bd2 Rc8 12. Nc3 Nxc3 13. Bxc3 Be7 14. Rac1 0-0 15. b4 Qb8 16. Bd2 Rxc1 17. Rxc1 Rc8 18. Rxc8+ Qxc8 19. Ng5 Bxg5 20. Bxg5 Qc6 21. f3 Qc3 22. Qe3 Qa1+ 23. Kf2 dxe5 24. dxe5 Qb2+ 25. Qd2 Qxd2+ 26. Bxd2 Nxe5 27. Be2 Bd5 28. Bc3 1/2-1/2

[Event "Wuerttemberg-ch KT"]
[Site "Stuttgart"]
[Date "2017.08.27"]
[Round "3"]
[White "Hurm, Marius"]
[Black "Kaplunov, Vadym"]
[Result "1-0"]
[WhiteElo "1818"]
[BlackElo "1941"]
[PlyCount "85"]
[EventDate "2017.08.26"]
[EventType "swiss"]
[EventRounds "7"]
[EventCountry "GER"]
[SourceTitle "EXT 2019"]
[Source "ChessBase"]
[SourceDate "2018.10.10"]
[SourceVersion "1"]
[SourceVersionDate "2018.10.10"]
[SourceQuality "1"]

1. e4 c5 2. Nf3 d6 3. d4 cxd4 4. Nxd4 Nf6 5. Nc3 g6 6. g3 Bg4 7. Nde2 Bf3 8. Rg1 Nc6 9. Bg2 Bg4 10. Be3 Ne5 11. Bd4 Qa5 12. h3 Bd7 13. f4 Nc6 14. Bxf6 exf6 15. Qd2 Be7 16. Nd5 Qxd2+ 17. Kxd2 Bd8 18. Rad1 f5 19. Nec3 a6 20. Rge1 0-0 21. Kc1 f6 22. exf5 Bxf5 23. g4 Bc8 24. Ne4 a5 25. Nxd6 Nb4 26. Nxb4 axb4 27. Nxc8 Rxc8 28. Bxb7 Rb8 29. Rd7 Kh8 30. a3 bxa3 31. bxa3 f5 32. g5 Rg8 33. a4 Rg7 34. Re8+ Rg8 35. Rxg8+ Kxg8 36. Bd5+ Kh8 37. c4 Bb6 38. Kd2 Bc5 39. Kd3 Rb3+ 40. Kc2 Rb8 41. a5 Be3 42. a6 h5 43. a7 1-0

[Event "Reutlingen op 22nd"]
[Site "Reutlingen"]
[Date "2017.06.04"]
[Round "4"]
[White "Hurm, Marius"]
[Black "Maas, Oliver"]
[Result "0-1"]
[WhiteElo "1795"]
[BlackElo "2058"]
[PlyCount "74"]
[EventDate "2017.06.02"]
[EventType "swiss"]
[EventRounds "7"]
[EventCountry "GER"]
[SourceTitle "CBM 179 Extra"]
[Source "ChessBase"]
[SourceDate "2017.08.23"]
[SourceVersion "1"]
[SourceVersionDate "2017.08.23"]
[SourceQuality "1"]

1. e4 c5 2. Nf3 d6 3. d4 cxd4 4. Nxd4 Nf6 5. Nc3 a6 6. Be3 e6 7. Be2 Qc7 8. Qd2 b5 9. a3 Bb7 10. f3 Nbd7 11. g4 Nb6 12. g5 Nfd7 13. 0-0-0 Ne5 14. b3 d5 15. Kb2 b4 16. Nb1 bxa3+ 17. Nxa3 dxe4 18. f4 Bxa3+ 19. Kxa3 Ned7 20. Bg4 Nc5 21. f5 e5 22. Ne2 Bd5 23. Qb4 Rc8 24. f6 Be6 25. Bxe6 fxe6 26. Bxc5 Qxc5 27. Qxc5 Rxc5 28. Rd6 Nc8 29. Rxa6 Rxc2 30. Ng3 0-0 31. Rxe6 gxf6 32. gxf6 e3 33. Rg1 Kf7 34. Rxe5 Nd6 35. Nh5 Ra8+ 36. Kb4 Rb8+ 37. Ka4 Ra2# 0-1

[Event "GER-chT U14"]
[Site "Magdeburg"]
[Date "2012.12.27"]
[Round "2.3"]
[White "Hurm, Marius"]
[Black "Oberhofer, Marie"]
[Result "0-1"]
[WhiteElo "1400"]
[BlackElo "1426"]
[PlyCount "84"]
[EventDate "2012.12.27"]
[EventType "team-swiss"]
[EventRounds "7"]
[EventCountry "GER"]
[SourceTitle "EXT 2014"]
[Source "ChessBase"]
[SourceDate "2013.11.20"]
[SourceVersion "1"]
[SourceVersionDate "2013.11.20"]
[SourceQuality "1"]
[WhiteTeam "Hohentuebingen"]
[BlackTeam "Regensburg Bavaria"]
[WhiteTeamCountry "GER"]
[BlackTeamCountry "GER"]

1. e4 c5 2. Nf3 d6 3. d4 cxd4 4. Nxd4 Nf6 5. Nc3 g6 6. Be3 Bg7 7. Be2 0-0 8. 0-0 Nc6 9. a3 Bd7 10. Rb1 Rc8 11. f4 a6 12. Kh1 Nxd4 13. Bxd4 Bc6 14. Bf3 Qc7 15. e5 dxe5 16. Bxe5 Qd8 17. Qxd8 Rfxd8 18. Bxc6 Rxc6 19. Rfd1 Rcc8 20. h3 h5 21. Rxd8+ Rxd8 22. Rd1 Rxd1+ 23. Nxd1 Ne4 24. Bxg7 Kxg7 25. Kh2 h4 26. Ne3 Kf6 27. Nd5+ Ke6 28. Ne3 Kd6 29. Nc4+ Kd5 30. Ne5 Ke6 31. Nf3 Kf5 32. Nxh4+ Kxf4 33. g3+ Nxg3 34. Ng2+ Kf3 35. Ne1+ Ke2 36. Kxg3 Kxe1 37. c4 Kd2 38. c5 Kc2 39. Kf4 Kxb2 40. Kg5 e5 41. h4 Kxa3 42. Kf6 e4 0-1